000 00354nam a2200133Ia 4500
008 240624s9999 xx 000 0 und d
041 _aeng
082 _a828 GOO
100 _aGOOPTU SHARMISTHA
245 _aFLASHBACK 175 YEARS OF ENTERTAINMENT ENT
260 _c2013
_aNew Delhi
_bThe Times of India
300 _a223 : p. : cm. ; 28
365 _cRS
_b25
999 _c23835
_d23835